00768cam a2200241 a 45000010009000000050017000090080041000260100017000670200029000840200034001130350022001470400013001690410008001820800011001901000007002011010008002082450075002165040051002919060045003429420012003879990017003999520110004161309150520180207073840.0030213s2004 caua b 001 0 eng  a 2003102373 a0534507786 (student ed.) a0534508367 (instructor's ed.) a(DLC) 2003102373 aDLCcDLC aeng a37 BAX1 a47 aEDU14aThe basics of communication research /cLeslie A. Baxter, Earl Babbie. aIncludes bibliographical references and index. a7bcbccorignewd3eepcnf20gy-gencatlg 2ddccBK c42018d42018 00102udc40708PËKGa002b002cPËKGd2018-02-07l0o37 BAXp002-2999055r2018-02-07w2018-02-07yBK